College Quizbowl Stats
College Quizbowl Stats
Circuits
Seasons
Sets
Records
Detailed Stats
About
Loading...
Upper Mid-Atlantic (1)
Tossups
Bonuses
Players
Teams
Categories (Tossup)
Categories (Bonus)
Rishi Swaminathan
NYU A
Categories
Category
Powers
Gets
Negs
BBs
Points
Earliest Buzz
Avg. Buzz
First Buzzes
Top 3 Buzzes
BPA
PVF
Fine Arts - Classical Music
0
4
0
2
40
36
84.75
2
3
10.03
25.00
Literature - European
0
1
0
0
10
60
60.00
0
1
4.52
6.67
Popular Culture
0
0
1
0
-5
0.00
0
0
0.00
0.00
Buzzes
Category
Answer
Value
Buzz Position
Fine Arts - Classical Music
flute
10
36
Popular Culture
US Open Tennis Championships
-5
54
Literature - European
Young Werther
10
60
Fine Arts - Classical Music
Pathétique Symphony
10
73
Fine Arts - Classical Music
violin sonata
10
103
Fine Arts - Classical Music
George Frideric Handel
10
127
Previous
1
Next